000 00414nam a2200133Ia 4500
005 20260328101453.0
008 260328s9999||||xx |||||||||||||| ||und||
100 _aBrownell, Blaine
245 0 _aTransmaterial 2 :
_b A Catalog of Materials That Redefine Our Physical Environment /
_cBlaine Brownell
260 _bPrinceton Architectural Press
300 _a247 p.
650 _aMATERIALES CONSTRUCTIVOS
942 _cBK
999 _c8743
_d8743